Ecohistoria de los californios /
Scholarly ecological history of Baja California Sur, with focus on methodology, indigenous cultures, the importance of territorial space, diet based on marine exploitation, historiography and the impact of the desert.
Saved in:
| Other Authors: | |
|---|---|
| Format: | Book |
| Language: | Spanish |
| Published: |
[La Paz, Mexico] :
Universidad Autónoma de Baja California Sur,
1995.
|
| Edition: | 1a. ed. |
| Subjects: | |
| Tags: |
Add Tag
No Tags, Be the first to tag this record!
|
| LEADER | 01185nam a2200277 a 4500 | ||
|---|---|---|---|
| 001 | 007711233-4 | ||
| 005 | 20050329174600.0 | ||
| 008 | 971027s1995 mx ab b 000 0 spa | ||
| 010 | |a 97208878 | ||
| 020 | |a 9688960578 | ||
| 035 | 0 | |a ocm38107148 | |
| 040 | |a DLC |c DLC |d CUS |d PL# |d DPN | ||
| 043 | |a n-mx--- | ||
| 050 | 0 | 0 | |a F1219.1.B3 |b E36 1995 |
| 245 | 0 | 0 | |a Ecohistoria de los californios / |c Martha Micheline Cariño [coordinador ... et al.]. |
| 250 | |a 1a. ed. | ||
| 260 | |a [La Paz, Mexico] : |b Universidad Autónoma de Baja California Sur, |c 1995. | ||
| 300 | |a 168 p. : |b ill., maps ; |c 20 cm. | ||
| 520 | |a Scholarly ecological history of Baja California Sur, with focus on methodology, indigenous cultures, the importance of territorial space, diet based on marine exploitation, historiography and the impact of the desert. | ||
| 504 | |a Includes bibliographical references (p. 163-168). | ||
| 650 | 0 | |a Indians of Mexico |z Mexico |z Baja California |x History. | |
| 650 | 0 | |a Indians of Mexico |z Mexico |z Baja California |x Social life and customs. | |
| 650 | 0 | |a Human ecology |z Mexico |z Baja California |x History. | |
| 700 | 1 | |a Cariño, Martha Micheline. | |
| 988 | |a 20020608 | ||
| 906 | |0 DLC | ||


